[Event "DEM U12 2022"]
[Site "Willingen GER"]
[Date "2022.06.10"]
[Round "8"]
[White "Malinowsky, Levi"]
[Black "Buchinger, Alexis"]
[Result "1/2-1/2"]
[Termination "normal"]
[Board "2"]
[WhiteElo "1816"]
[BlackElo "1676"]
[WhiteClock "00:35:56"]
[BlackClock "00:28:42"]
[PlyCount "90"]
[WhiteFideId "16253094"]
[BlackFideId "16287134"]
[EventCountry "GER"]
[EventRounds "9"]
[EventType "swiss"]
[EventDate "2022.06.04"]

1. e4 {[%clk 01:30:57]} {[%emt 00:00:02]} e5 {[%clk 01:30:54]} {[%emt
00:00:06]} 2. Nf3 {[%clk 01:31:18]} {[%emt 00:00:09]} Nc6 {[%clk 01:31:19]}
{[%emt 00:00:06]} 3. Bb5 {[%clk 01:31:27]} {[%emt 00:00:20]} a6 {[%clk
01:31:42]} {[%emt 00:00:07]} 4. Ba4 {[%clk 01:31:27]} {[%emt 00:00:29]} b5
{[%clk 01:31:44]} {[%emt 00:00:28]} 5. Bb3 {[%clk 01:31:21]} {[%emt 00:00:36]}
Na5 {[%clk 01:32:08]} {[%emt 00:00:06]} 6. c3 {[%clk 01:24:02]} {[%emt
00:07:49]} Nxb3 {[%clk 01:32:31]} {[%emt 00:00:07]} 7. Qxb3 {[%clk 01:24:04]}
{[%emt 00:00:27]} d6 {[%clk 01:31:44]} {[%emt 00:01:18]} 8. a4 {[%clk
01:21:48]} {[%emt 00:02:46]} Bd7 {[%clk 01:30:28]} {[%emt 00:01:46]} 9. axb5
{[%clk 01:19:26]} {[%emt 00:02:52]} axb5 {[%clk 01:29:40]} {[%emt 00:01:18]}
10. Ng5 {[%clk 01:14:36]} {[%emt 00:05:21]} Nh6 {[%clk 01:28:05]} {[%emt
00:02:04]} 11. Rxa8 {[%clk 01:12:58]} {[%emt 00:02:08]} Qxa8 {[%clk 01:28:28]}
{[%emt 00:00:08]} 12. O-O {[%clk 01:11:32]} {[%emt 00:01:56]} Be7 {[%clk
01:25:28]} {[%emt 00:03:28]} 13. d4 {[%clk 01:08:53]} {[%emt 00:03:10]} Bxg5
{[%clk 01:08:38]} {[%emt 00:17:20]} 14. Bxg5 {[%clk 01:09:12]} {[%emt
00:00:11]} Qxe4 {[%clk 01:07:22]} {[%emt 00:01:45]} 15. Bxh6 {[%clk 00:58:59]}
{[%emt 00:10:43]} gxh6 {[%clk 01:06:00]} {[%emt 00:01:53]} 16. Nd2 {[%clk
00:57:42]} {[%emt 00:01:47]} Qd3 {[%clk 00:53:54]} {[%emt 00:12:35]} 17. Qd5
{[%clk 00:54:45]} {[%emt 00:03:28]} Ke7 {[%clk 00:46:08]} {[%emt 00:08:14]} 18.
Ne4 {[%clk 00:52:03]} {[%emt 00:03:14]} Rg8 {[%clk 00:40:21]} {[%emt 00:06:17]}
19. Nf6 {[%clk 00:49:00]} {[%emt 00:03:33]} Rg7 {[%clk 00:26:37]} {[%emt
00:14:13]} 20. dxe5 {[%clk 00:43:38]} {[%emt 00:05:53]} Qxd5 {[%clk 00:17:45]}
{[%emt 00:09:21]} 21. Nxd5+ {[%clk 00:43:59]} {[%emt 00:00:09]} Kd8 {[%clk
00:16:14]} {[%emt 00:02:02]} 22. exd6 {[%clk 00:42:43]} {[%emt 00:01:47]} cxd6
{[%clk 00:15:56]} {[%emt 00:00:49]} 23. Rd1 {[%clk 00:40:45]} {[%emt 00:02:27]}
Bc6 {[%clk 00:14:17]} {[%emt 00:02:09]} 24. Kf1 {[%clk 00:37:19]} {[%emt
00:03:57]} Kd7 {[%clk 00:13:16]} {[%emt 00:01:31]} 25. Rd4 {[%clk 00:31:53]}
{[%emt 00:05:54]} Bxd5 {[%clk 00:12:11]} {[%emt 00:01:35]} 26. Rxd5 {[%clk
00:32:13]} {[%emt 00:00:10]} Rg5 {[%clk 00:12:37]} {[%emt 00:00:05]} 27. Rd4
{[%clk 00:32:00]} {[%emt 00:00:43]} Ke6 {[%clk 00:10:49]} {[%emt 00:02:17]} 28.
g3 {[%clk 00:30:51]} {[%emt 00:01:40]} Re5 {[%clk 00:09:30]} {[%emt 00:01:47]}
29. f3 {[%clk 00:29:05]} {[%emt 00:02:17]} h5 {[%clk 00:08:07]} {[%emt
00:01:54]} 30. Kf2 {[%clk 00:27:52]} {[%emt 00:01:42]} f6 {[%clk 00:06:16]}
{[%emt 00:02:20]} 31. Rh4 {[%clk 00:24:38]} {[%emt 00:03:44]} Kd5 {[%clk
00:04:59]} {[%emt 00:01:48]} 32. Rb4 {[%clk 00:24:06]} {[%emt 00:01:02]} Ke6
{[%clk 00:04:34]} {[%emt 00:00:55]} 33. Rd4 {[%clk 00:23:34]} {[%emt 00:01:02]}
Ke7 {[%clk 00:02:01]} {[%emt 00:03:03]} 34. f4 {[%clk 00:18:38]} {[%emt
00:05:25]} Rc5 {[%clk 00:01:22]} {[%emt 00:01:10]} 35. Re4+ {[%clk 00:17:22]}
{[%emt 00:01:46]} Kf7 {[%clk 00:01:11]} {[%emt 00:00:41]} 36. Ke3 {[%clk
00:16:09]} {[%emt 00:01:42]} f5 {[%clk 00:01:17]} {[%emt 00:00:25]} 37. Rd4
{[%clk 00:15:05]} {[%emt 00:01:33]} Ke6 {[%clk 00:01:21]} {[%emt 00:00:26]} 38.
Kd3 {[%clk 00:14:36]} {[%emt 00:01:00]} d5 {[%clk 00:01:01]} {[%emt 00:00:51]}
39. Rb4 {[%clk 00:14:02]} {[%emt 00:01:04]} Kd6 {[%clk 00:01:16]} {[%emt
00:00:15]} 40. Kd4 {[%clk 00:13:45]} {[%emt 00:00:46]} Rc4+ {[%clk 00:00:33]}
{[%emt 00:01:13]} 41. Rxc4 {[%clk 00:13:34]} {[%emt 00:00:41]} dxc4 {[%clk
00:29:47]} {[%emt 00:01:16]} 42. h3 {[%clk 00:43:53]} {[%emt 00:00:12]} h4
{[%clk 00:30:10]} {[%emt 00:00:07]} 43. gxh4 {[%emt 00:08:18]} h5 {[%clk
00:30:32]} 44. Ke3 {[%clk 00:36:15]} {[%emt 00:00:27]} Kc5 {[%clk 00:28:53]}
{[%emt 00:02:08]} 45. Kf3 {[%clk 00:35:56]} {[%emt 00:00:48]} Kd5 {[%clk
00:28:42]} {[%emt 00:00:42]} 1/2-1/2

[Event "DEM U12 2022"]
[Site "Willingen GER"]
[Date "2022.06.10"]
[Round "8"]
[White "Zhuikov, Edgard"]
[Black "Neuhoff, Laertes"]
[Result "1-0"]
[Termination "normal"]
[Board "6"]
[WhiteElo "1892"]
[BlackElo "1990"]
[WhiteClock "01:34:17"]
[BlackClock "00:00:49"]
[PlyCount "131"]
[WhiteFideId "34162941"]
[BlackFideId "16279719"]
[EventCountry "GER"]
[EventRounds "9"]
[EventType "swiss"]
[EventDate "2022.06.04"]

1. e4 {[%clk 01:30:59]} {[%emt 00:00:01]} c5 {[%clk 01:30:53]} {[%emt
00:00:07]} 2. c3 {[%clk 01:31:18]} {[%emt 00:00:11]} d5 {[%clk 01:26:29]}
{[%emt 00:04:54]} 3. exd5 {[%clk 01:31:42]} {[%emt 00:00:06]} Qxd5 {[%clk
01:26:37]} {[%emt 00:00:22]} 4. d4 {[%clk 01:32:06]} {[%emt 00:00:06]} Nf6
{[%clk 01:20:46]} {[%emt 00:06:21]} 5. dxc5 {[%clk 01:31:03]} {[%emt 00:01:32]}
Qxd1+ {[%clk 01:15:04]} {[%emt 00:06:12]} 6. Kxd1 {[%clk 01:31:28]} {[%emt
00:00:05]} e5 {[%clk 01:10:33]} {[%emt 00:05:02]} 7. b4 {[%clk 01:31:37]}
{[%emt 00:00:20]} Nc6 {[%clk 00:59:34]} {[%emt 00:11:29]} 8. f3 {[%clk
01:31:29]} {[%emt 00:00:39]} Bf5 {[%clk 00:51:12]} {[%emt 00:08:52]} 9. a4
{[%clk 01:27:44]} {[%emt 00:04:15]} O-O-O+ {[%clk 00:38:22]} {[%emt 00:13:20]}
10. Bd2 {[%clk 01:27:08]} {[%emt 00:01:06]} Nd5 {[%clk 00:30:46]} {[%emt
00:08:05]} 11. Kc1 {[%clk 01:27:00]} {[%emt 00:00:39]} a5 {[%clk 00:28:57]}
{[%emt 00:02:20]} 12. Bb5 {[%clk 01:24:26]} {[%emt 00:03:04]} axb4 {[%clk
00:26:04]} {[%emt 00:03:23]} 13. Bxc6 {[%clk 01:24:36]} {[%emt 00:00:19]} bxc3
{[%clk 00:16:11]} {[%emt 00:10:23]} 14. Bg5 {[%clk 01:23:03]} {[%emt 00:02:03]}
bxc6 {[%clk 00:15:08]} {[%emt 00:01:33]} 15. Bxd8 {[%clk 01:23:25]} {[%emt
00:00:08]} Kxd8 {[%clk 00:14:10]} {[%emt 00:01:29]} 16. Ne2 {[%clk 01:23:09]}
{[%emt 00:00:46]} c2 {[%clk 00:11:48]} {[%emt 00:02:53]} 17. Na3 {[%clk
01:23:24]} {[%emt 00:00:14]} Nb4 {[%clk 00:11:20]} {[%emt 00:00:58]} 18. Ng3
{[%clk 01:19:03]} {[%emt 00:04:51]} Bd3 {[%clk 00:06:05]} {[%emt 00:05:45]} 19.
Ne4 {[%clk 01:19:20]} {[%emt 00:00:12]} g6 {[%clk 00:04:39]} {[%emt 00:01:57]}
20. Kb2 {[%clk 01:17:45]} {[%emt 00:02:04]} Bh6 {[%clk 00:03:04]} {[%emt
00:02:05]} 21. Kc3 {[%clk 01:08:12]} {[%emt 00:10:04]} Bxe4 {[%clk 00:01:51]}
{[%emt 00:01:43]} 22. Kxb4 {[%clk 01:07:07]} {[%emt 00:01:35]} Bd2+ {[%clk
00:01:03]} {[%emt 00:01:17]} 23. Kc4 {[%clk 01:06:21]} {[%emt 00:01:15]} Bd5+
{[%clk 00:00:55]} {[%emt 00:00:39]} 24. Kd3 {[%clk 01:06:45]} {[%emt 00:00:06]}
c1=Q {[%emt 00:00:06]} 25. Rhxc1 {[%clk 01:07:00]} {[%emt 00:00:14]} Bxc1
{[%clk 00:01:49]} {[%emt 00:00:01]} 26. Rxc1 {[%clk 01:07:17]} {[%emt
00:00:13]} Kc7 {[%clk 00:01:38]} {[%emt 00:00:40]} 27. Kc3 {[%clk 01:06:12]}
{[%emt 00:01:36]} Rb8 {[%clk 00:00:51]} {[%emt 00:01:18]} 28. Rb1 {[%clk
01:06:28]} {[%emt 00:00:14]} Rxb1 {[%clk 00:00:49]} {[%emt 00:00:31]} 29. Nxb1
{[%clk 01:06:55]} {[%emt 00:00:03]} f5 {[%clk 00:00:55]} {[%emt 00:00:24]} 30.
Nd2 {[%clk 01:06:39]} {[%emt 00:00:46]} Kb7 {[%clk 00:01:11]} {[%emt 00:00:14]}
31. Kb4 {[%clk 01:06:29]} {[%emt 00:00:40]} Ka6 {[%clk 00:01:17]} {[%emt
00:00:23]} 32. Nf1 {[%clk 01:06:19]} {[%emt 00:00:40]} h6 {[%clk 00:01:05]}
{[%emt 00:00:44]} 33. Ne3 {[%clk 01:06:36]} {[%emt 00:00:13]} Be6 {[%clk
00:01:10]} {[%emt 00:00:24]} 34. g3 {[%clk 01:06:48]} {[%emt 00:00:18]} g5
{[%clk 00:01:01]} {[%emt 00:00:39]} 35. g4 {[%clk 01:06:34]} {[%emt 00:00:45]}
fxg4 {[%clk 00:00:48]} {[%emt 00:00:43]} 36. fxg4 {[%clk 01:06:53]} {[%emt
00:00:10]} Bf7 {[%clk 00:00:51]} {[%emt 00:00:27]} 37. Nf5 {[%clk 01:05:08]}
{[%emt 00:02:16]} h5 {[%clk 00:00:48]} {[%emt 00:00:33]} 38. Nd6 {[%clk
01:04:40]} {[%emt 00:00:58]} Bg6 {[%clk 00:00:55]} {[%emt 00:00:22]} 39. gxh5
{[%clk 01:04:42]} {[%emt 00:00:28]} Bxh5 {[%clk 00:01:24]} {[%emt 00:00:02]}
40. Ne4 {[%clk 01:04:52]} {[%emt 00:00:18]} Bg6 {[%clk 00:00:42]} {[%emt
00:01:14]} 41. Nxg5 {[%clk 01:05:15]} {[%emt 00:00:06]} e4 {[%clk 00:22:17]}
{[%emt 00:08:55]} 42. Ne6 {[%clk 01:34:51]} {[%emt 00:00:53]} e3 {[%clk
00:15:09]} {[%emt 00:07:38]} 43. Nd4 {[%clk 01:34:37]} {[%emt 00:00:44]} Bh5
{[%clk 00:08:30]} {[%emt 00:07:08]} 44. Kc3 {[%clk 01:32:57]} {[%emt 00:02:11]}
Be8 {[%clk 00:05:32]} {[%emt 00:03:28]} 45. Kd3 {[%clk 01:32:25]} {[%emt
00:01:02]} Ka5 {[%clk 00:05:50]} {[%emt 00:00:12]} 46. Kxe3 {[%clk 01:32:33]}
{[%emt 00:00:22]} Kxa4 {[%clk 00:06:03]} {[%emt 00:00:18]} 47. Ke4 {[%clk
01:32:54]} {[%emt 00:00:08]} Kb4 {[%clk 00:02:28]} {[%emt 00:04:04]} 48. Ne6
{[%clk 01:32:12]} {[%emt 00:01:12]} Bf7 {[%clk 00:01:41]} {[%emt 00:01:18]} 49.
Ke5 {[%clk 01:29:41]} {[%emt 00:03:02]} Bxe6 {[%clk 00:01:57]} {[%emt
00:00:14]} 50. Kxe6 {[%clk 01:30:04]} {[%emt 00:00:06]} Kxc5 {[%clk 00:02:25]}
{[%emt 00:00:03]} 51. h4 {[%clk 01:30:23]} {[%emt 00:00:12]} Kd4 {[%clk
00:01:52]} {[%emt 00:01:03]} 52. h5 {[%clk 01:30:46]} {[%emt 00:00:07]} c5
{[%clk 00:02:19]} {[%emt 00:00:03]} 53. h6 {[%clk 01:31:12]} {[%emt 00:00:04]}
c4 {[%clk 00:02:43]} {[%emt 00:00:06]} 54. h7 {[%clk 01:31:41]} {[%emt
00:00:01]} c3 {[%clk 00:03:03]} {[%emt 00:00:11]} 55. h8=Q+ {[%emt 00:00:05]}
Kd3 {[%clk 00:03:30]} {[%emt 00:00:02]} 56. Qh1 {[%clk 01:32:24]} {[%emt
00:00:10]} Kd2 {[%clk 00:03:45]} {[%emt 00:00:16]} 57. Qg2+ {[%clk 01:32:39]}
{[%emt 00:00:15]} Kd1 {[%clk 00:02:44]} {[%emt 00:01:31]} 58. Qf1+ {[%clk
01:32:35]} {[%emt 00:00:34]} Kd2 {[%clk 00:02:47]} {[%emt 00:00:28]} 59. Qf2+
{[%clk 01:32:35]} {[%emt 00:00:30]} Kd1 {[%clk 00:02:27]} {[%emt 00:00:49]} 60.
Qd4+ {[%clk 01:32:32]} {[%emt 00:00:31]} Kc2 {[%clk 00:02:43]} {[%emt
00:00:16]} 61. Kd5 {[%clk 01:32:43]} {[%emt 00:00:18]} Kb3 {[%clk 00:02:19]}
{[%emt 00:00:54]} 62. Qd3 {[%clk 01:32:45]} {[%emt 00:00:28]} Kb2 {[%clk
00:02:34]} {[%emt 00:00:15]} 63. Qb5+ {[%clk 01:33:06]} {[%emt 00:00:09]} Ka1
{[%clk 00:00:59]} {[%emt 00:02:05]} 64. Qa4+ {[%clk 01:33:27]} {[%emt
00:00:09]} Kb2 {[%clk 00:00:49]} {[%emt 00:00:39]} 65. Qb4+ {[%clk 01:33:53]}
{[%emt 00:00:05]} Kc2 {[%emt 00:00:08]} 66. Kd4 {[%clk 01:34:17]} {[%emt
00:00:03]} 1-0

[Event "DEM U12 2022"]
[Site "Willingen GER"]
[Date "2022.06.10"]
[Round "8"]
[White "Glöckler, Christian"]
[Black "Skembris, Simon Max"]
[Result "0-1"]
[Termination "normal"]
[Board "7"]
[WhiteElo "1847"]
[BlackElo "1413"]
[WhiteClock "00:36:19"]
[BlackClock "00:13:02"]
[PlyCount "128"]
[WhiteFideId "34608966"]
[BlackFideId "16281381"]
[EventCountry "GER"]
[EventRounds "9"]
[EventType "swiss"]
[EventDate "2022.06.04"]

1. e4 {[%clk 01:30:59]} e5 {[%clk 01:30:22]} {[%emt 00:00:38]} 2. Nf3 {[%clk
01:31:22]} {[%emt 00:00:07]} Nf6 {[%clk 01:30:47]} {[%emt 00:00:05]} 3. Nxe5
{[%clk 01:31:33]} {[%emt 00:00:18]} d6 {[%clk 01:31:12]} {[%emt 00:00:06]} 4.
Nf3 {[%clk 01:31:56]} {[%emt 00:00:07]} Nxe4 {[%clk 01:31:36]} {[%emt
00:00:05]} 5. d4 {[%clk 01:32:17]} {[%emt 00:00:09]} d5 {[%clk 01:31:55]}
{[%emt 00:00:09]} 6. Bd3 {[%clk 01:32:38]} {[%emt 00:00:10]} Be7 {[%clk
01:31:54]} {[%emt 00:00:31]} 7. O-O {[%clk 01:32:54]} {[%emt 00:00:15]} Nc6
{[%clk 01:29:16]} {[%emt 00:03:08]} 8. Nc3 {[%clk 01:29:45]} {[%emt 00:03:40]}
Bf5 {[%clk 01:28:01]} {[%emt 00:01:45]} 9. Re1 {[%clk 01:29:17]} {[%emt
00:00:57]} Nxc3 {[%clk 01:26:57]} {[%emt 00:01:35]} 10. bxc3 {[%clk 01:29:36]}
{[%emt 00:00:10]} Bxd3 {[%clk 01:26:59]} {[%emt 00:00:28]} 11. Qxd3 {[%clk
01:29:29]} {[%emt 00:00:38]} O-O {[%clk 01:25:34]} {[%emt 00:01:54]} 12. Bf4
{[%clk 01:27:53]} {[%emt 00:02:07]} Na5 {[%clk 01:15:12]} {[%emt 00:10:52]} 13.
Rab1 {[%clk 01:27:00]} {[%emt 00:01:23]} b6 {[%clk 01:13:58]} {[%emt 00:01:44]}
14. Ne5 {[%clk 01:19:49]} {[%emt 00:07:40]} f6 {[%clk 01:11:26]} {[%emt
00:03:03]} 15. Nf3 {[%clk 01:19:05]} {[%emt 00:01:14]} Bd6 {[%clk 01:04:43]}
{[%emt 00:07:13]} 16. Bxd6 {[%clk 01:14:26]} {[%emt 00:05:09]} Qxd6 {[%clk
01:02:50]} {[%emt 00:02:23]} 17. Nh4 {[%clk 01:14:31]} {[%emt 00:00:25]} Rfe8
{[%clk 01:00:22]} {[%emt 00:02:57]} 18. Nf5 {[%clk 01:11:49]} {[%emt 00:03:12]}
Qd7 {[%clk 00:58:45]} {[%emt 00:02:07]} 19. Qh3 {[%clk 01:10:40]} {[%emt
00:01:39]} Rxe1+ {[%clk 00:51:11]} {[%emt 00:08:05]} 20. Rxe1 {[%clk 01:10:46]}
{[%emt 00:00:23]} Re8 {[%clk 00:49:48]} {[%emt 00:01:53]} 21. Rxe8+ {[%clk
01:00:32]} {[%emt 00:10:41]} Qxe8 {[%clk 00:49:58]} {[%emt 00:00:22]} 22. Qe3
{[%clk 01:00:51]} {[%emt 00:00:11]} Qxe3 {[%clk 00:48:08]} {[%emt 00:02:20]}
23. fxe3 {[%clk 01:01:02]} {[%emt 00:00:20]} Kf7 {[%clk 00:45:04]} {[%emt
00:03:34]} 24. Kf2 {[%clk 01:00:47]} {[%emt 00:00:46]} g6 {[%clk 00:44:12]}
{[%emt 00:01:21]} 25. Ng3 {[%clk 00:59:31]} {[%emt 00:01:41]} Nc4 {[%clk
00:40:50]} {[%emt 00:03:58]} 26. Ke2 {[%clk 00:59:30]} {[%emt 00:00:31]} Ke6
{[%clk 00:37:24]} {[%emt 00:03:56]} 27. Nh1 {[%clk 00:54:19]} {[%emt 00:05:41]}
Nd6 {[%clk 00:34:29]} {[%emt 00:03:26]} 28. Nf2 {[%clk 00:51:44]} {[%emt
00:03:04]} Kf5 {[%clk 00:29:44]} {[%emt 00:05:15]} 29. Kd3 {[%clk 00:46:59]}
{[%emt 00:05:16]} h5 {[%clk 00:22:19]} {[%emt 00:07:54]} 30. h3 {[%clk
00:42:17]} {[%emt 00:05:12]} b5 {[%clk 00:17:27]} {[%emt 00:05:23]} 31. g3
{[%clk 00:40:39]} {[%emt 00:02:07]} c6 {[%clk 00:16:35]} {[%emt 00:01:22]} 32.
Ke2 {[%clk 00:38:56]} {[%emt 00:02:13]} Ne4 {[%clk 00:15:15]} {[%emt 00:01:48]}
33. Nxe4 {[%clk 00:39:00]} {[%emt 00:00:24]} dxe4 {[%clk 00:13:21]} {[%emt
00:02:26]} 34. Kf2 {[%clk 00:37:42]} {[%emt 00:01:48]} Ke6 {[%clk 00:12:13]}
{[%emt 00:01:38]} 35. c4 {[%clk 00:35:58]} {[%emt 00:02:15]} bxc4 {[%clk
00:11:40]} {[%emt 00:01:03]} 36. g4 {[%clk 00:33:06]} {[%emt 00:03:21]} h4
{[%clk 00:11:11]} {[%emt 00:00:58]} 37. c3 {[%clk 00:32:57]} {[%emt 00:00:40]}
g5 {[%clk 00:10:35]} {[%emt 00:01:06]} 38. a4 {[%clk 00:31:14]} {[%emt
00:02:13]} f5 {[%clk 00:10:33]} {[%emt 00:00:32]} 39. gxf5+ {[%clk 00:30:53]}
{[%emt 00:00:52]} Kxf5 {[%clk 00:10:52]} {[%emt 00:00:10]} 40. Kg2 {[%clk
00:29:40]} {[%emt 00:01:43]} g4 {[%clk 00:10:49]} {[%emt 00:00:33]} 41. a5
{[%clk 00:29:04]} {[%emt 00:01:06]} gxh3+ {[%clk 00:07:56]} {[%emt 00:03:22]}
42. Kxh3 {[%clk 00:29:14]} {[%emt 00:00:21]} Kg5 {[%clk 00:08:20]} {[%emt
00:00:07]} 43. a6 {[%clk 00:29:23]} {[%emt 00:00:21]} Kh5 {[%clk 00:08:45]}
{[%emt 00:00:05]} 44. Kh2 {[%clk 00:29:30]} {[%emt 00:00:18]} Kg4 {[%clk
00:09:12]} {[%emt 00:00:07]} 45. Kg2 {[%clk 00:29:52]} {[%emt 00:00:08]} h3+
{[%clk 00:09:28]} {[%emt 00:00:14]} 46. Kh2 {[%clk 00:30:13]} {[%emt 00:00:09]}
Kf3 {[%clk 00:08:59]} {[%emt 00:00:59]} 47. Kxh3 {[%clk 00:30:35]} {[%emt
00:00:08]} Kxe3 {[%clk 00:09:22]} {[%emt 00:00:07]} 48. Kg4 {[%clk 00:30:52]}
{[%emt 00:00:13]} Kd2 {[%clk 00:09:22]} {[%emt 00:00:31]} 49. Kf4 {[%clk
00:31:13]} {[%emt 00:00:10]} e3 {[%clk 00:09:45]} {[%emt 00:00:06]} 50. Ke5
{[%clk 00:31:38]} {[%emt 00:00:05]} e2 {[%clk 00:09:49]} {[%emt 00:00:26]} 51.
Kd6 {[%clk 00:31:56]} {[%emt 00:00:12]} Kxc3 {[%clk 00:09:30]} {[%emt
00:00:49]} 52. Kxc6 {[%clk 00:32:11]} {[%emt 00:00:15]} Kxd4 {[%clk 00:09:53]}
{[%emt 00:00:07]} 53. Kb7 {[%clk 00:32:33]} {[%emt 00:00:09]} e1=Q {[%clk
00:10:08]} {[%emt 00:00:15]} 54. Kxa7 {[%clk 00:32:51]} {[%emt 00:00:12]} Qa5
{[%clk 00:10:22]} {[%emt 00:00:15]} 55. Kb7 {[%clk 00:33:10]} {[%emt 00:00:11]}
c3 {[%clk 00:10:36]} {[%emt 00:00:16]} 56. a7 {[%clk 00:33:35]} {[%emt
00:00:05]} c2 {[%clk 00:10:50]} {[%emt 00:00:16]} 57. a8=Q {[%clk 00:33:58]}
{[%emt 00:00:07]} Qxa8+ {[%clk 00:11:13]} {[%emt 00:00:07]} 58. Kxa8 {[%clk
00:34:22]} {[%emt 00:00:07]} c1=Q {[%clk 00:11:30]} {[%emt 00:00:13]} 59. Kb7
{[%clk 00:34:43]} {[%emt 00:00:08]} Qc5 {[%clk 00:11:47]} {[%emt 00:00:13]} 60.
Ka6 {[%clk 00:34:57]} {[%emt 00:00:16]} Qb4 {[%clk 00:12:11]} {[%emt 00:00:06]}
61. Ka7 {[%clk 00:35:06]} {[%emt 00:00:21]} Qb5 {[%clk 00:11:46]} {[%emt
00:00:56]} 62. Ka8 {[%clk 00:35:28]} {[%emt 00:00:08]} Kc5 {[%clk 00:12:11]}
{[%emt 00:00:04]} 63. Ka7 {[%clk 00:35:52]} {[%emt 00:00:06]} Kc6 {[%clk
00:12:35]} {[%emt 00:00:06]} 64. Ka8 {[%clk 00:36:19]} {[%emt 00:00:04]} Qb7#
{[%clk 00:13:02]} {[%emt 00:00:03]} 0-1